000 00677nam a2200241Ia 4500
003 OSt
005 20220923223733.0
006 a|||||r|||| 00| 0
007 ta
008 Pun
024 _a220,925
037 _cTextual
040 _aARTS
_cARTS
_bPun
041 _2Pun
_aPun
082 _aO153,3NPUx, N0
100 _aਪੁਆਦੀ, ਨਵਤੇਜ
_9156290
245 0 _aਪੁਰਾ ਮਰਦ
260 _aਦਿੱਲੀ
_b ਆਰਸੀ ਪਬਲੀFਰਗ਼
_c1990
300 _a79ਪੰ
_ccm.
650 _aਪੰਜਾਬੀ ਸਾਹਿਤ
942 _hO153,3NPUx, N0
_cTEXL
_2CC
999 _c367136
_d367136